Fast Typing - Spam - Statistics

General Stats
  • This quiz has been taken 1,120 times
  • The average score is 207 of 4000
Answer Stats
Word % Correct
Spam
96%
Spam
94%
Spam
92%
Spam
90%
Spam
87%
Spam
85%
Spam
84%
Spam
82%
Spam
80%
Spam
80%
Spam
78%
Spam
77%
Spam
77%
Spam
76%
Spam
75%
Spam
74%
Spam
72%
Spam
71%
Spam
70%
Spam
69%
Spam
68%
Spam
67%
Spam
65%
Spam
64%
Spam
62%
Spam
61%
Spam
60%
Spam
58%
Spam
56%
Spam
53%
Spam
52%
Spam
50%
Spam
47%
Spam
46%
Spam
43%
Spam
42%
Spam
40%
Spam
39%
Spam
37%
Spam
36%
Spam
35%
Spam
34%
Spam
34%
Spam
33%
Spam
33%
Spam
32%
Spam
32%
Spam
31%
Spam
30%
Spam
30%
Spam
30%
Spam
29%
Spam
29%
Spam
29%
Spam
29%
Spam
28%
Spam
28%
Spam
28%
Spam
28%
Spam
28%
Spam
28%
Spam
28%
Spam
27%
Spam
27%
Spam
27%
Spam
27%
Spam
27%
Spam
27%
Spam
26%
Spam
26%
Spam
26%
Spam
26%
Spam
26%
Spam
26%
Spam
26%
Spam
26%
Spam
26%
Spam
26%
Spam
26%
Spam
26%
Spam
26%
Spam
26%
Spam
26%
Spam
25%
Spam
25%
Spam
25%
Spam
25%
Spam
25%
Spam
25%
Spam
25%
Spam
25%
Spam
25%
Spam
25%
Spam
25%
Spam
25%
Spam
25%
Spam
25%
Spam
25%
Spam
25%
Spam
25%
Spam
25%
Spam
25%
Spam
25%
Spam
25%
Spam
25%
Spam
25%
Spam
25%
Spam
25%
Spam
25%
Spam
25%
Spam
25%
Spam
25%
Spam
25%
Spam
25%
Spam
25%
Spam
25%
Spam
25%
Spam
25%
Spam
25%
Spam
25%
Spam
25%
Spam
25%
Spam
24%
Spam
24%
Spam
24%
Spam
24%
Spam
24%
Spam
24%
Spam
24%
Spam
24%
Spam
24%
Spam
24%
Spam
24%
Spam
24%
Spam
24%
Spam
24%
Spam
23%
Spam
23%
Spam
23%
Spam
23%
Spam
23%
Spam
23%
Spam
23%
Spam
23%
Spam
23%
Spam
23%
Spam
23%
Spam
23%
Spam
23%
Spam
23%
Spam
23%
Spam
23%
Spam
23%
Spam
23%
Spam
23%
Spam
23%
Spam
23%
Spam
23%
Spam
23%
Spam
23%
Spam
23%
Spam
23%
Spam
23%
Spam
23%
Spam
23%
Spam
23%
Spam
23%
Spam
23%
Spam
22%
Spam
22%
Spam
22%
Spam
22%
Spam
22%
Spam
22%
Spam
22%
Spam
22%
Spam
22%
Spam
22%
Spam
22%
Spam
22%
Spam
22%
Spam
22%
Spam
22%
Spam
22%
Spam
22%
Spam
22%
Spam
22%
Spam
22%
Spam
21%
Spam
21%
Spam
21%
Spam
21%
Spam
21%
Spam
21%
Spam
21%
Spam
21%
Spam
21%
Spam
20%
Spam
20%
Spam
20%
Spam
20%
Spam
20%
Spam
20%
Spam
20%
Spam
20%
Spam
20%
Spam
20%
Spam
20%
Spam
20%
Spam
20%
Spam
20%
Spam
20%
Spam
20%
Spam
20%
Spam
20%
Spam
20%
Spam
20%
Spam
20%
Spam
20%
Spam
20%
Spam
20%
Spam
20%
Spam
20%
Spam
19%
Spam
19%
Spam
19%
Spam
19%
Spam
19%
Spam
19%
Spam
19%
Spam
19%
Spam
19%
Spam
19%
Spam
19%
Spam
19%
Spam
19%
Spam
19%
Spam
19%
Spam
19%
Spam
19%
Spam
19%
Spam
19%
Spam
19%
Spam
19%
Spam
19%
Spam
19%
Spam
19%
Spam
19%
Spam
19%
Spam
19%
Spam
19%
Spam
19%
Spam
19%
Spam
19%
Spam
19%
Spam
19%
Spam
19%
Spam
19%
Spam
19%
Spam
19%
Spam
19%
Spam
19%
Spam
19%
Spam
19%
Spam
19%
Spam
19%
Spam
19%
Spam
19%
Spam
19%
Spam
18%
Spam
18%
Spam
18%
Spam
18%
Spam
18%
Spam
18%
Spam
18%
Spam
18%
Spam
18%
Spam
18%
Spam
18%
Spam
18%
Spam
18%
Spam
18%
Spam
18%
Spam
18%
Spam
18%
Spam
18%
Spam
18%
Spam
18%
Spam
18%
Spam
18%
Spam
18%
Spam
18%
Spam
18%
Spam
18%
Spam
18%
Spam
18%
Spam
18%
Spam
18%
Spam
18%
Spam
18%
Spam
18%
Spam
18%
Spam
18%
Spam
18%
Spam
18%
Spam
18%
Spam
18%
Spam
18%
Spam
18%
Spam
18%
Spam
18%
Spam
18%
Spam
18%
Spam
18%
Spam
18%
Spam
18%
Spam
18%
Spam
18%
Spam
18%
Spam
18%
Spam
18%
Spam
18%
Spam
17%
Spam
17%
Spam
17%
Spam
17%
Spam
17%
Spam
17%
Spam
17%
Spam
17%
Spam
17%
Spam
17%
Spam
17%
Spam
17%
Spam
17%
Spam
17%
Spam
17%
Spam
17%
Spam
17%
Spam
17%
Spam
17%
Spam
17%
Spam
17%
Spam
17%
Spam
17%
Spam
17%
Spam
17%
Spam
17%
Spam
17%
Spam
17%
Spam
17%
Spam
17%
Spam
17%
Spam
16%
Spam
16%
Spam
16%
Spam
16%
Spam
16%
Spam
16%
Spam
16%
Spam
16%
Spam
16%
Spam
16%
Spam
16%
Spam
16%
Spam
16%
Spam
16%
Spam
16%
Spam
16%
Spam
16%
Spam
16%
Spam
16%
Spam
15%
Spam
15%
Spam
15%
Spam
15%
Spam
15%
Spam
15%
Spam
15%
Spam
15%
Spam
15%
Spam
15%
Spam
15%
Spam
15%
Spam
15%
Spam
15%
Spam
15%
Spam
15%
Spam
15%
Spam
15%
Spam
15%
Spam
15%
Spam
15%
Spam
15%
Spam
15%
Spam
15%
Spam
15%
Spam
15%
Spam
15%
Spam
15%
Spam
15%
Spam
15%
Spam
15%
Spam
15%
Spam
15%
Spam
15%
Spam
15%
Spam
15%
Spam
15%
Spam
15%
Spam
15%
Spam
15%
Spam
15%
Spam
15%
Spam
15%
Spam
15%
Spam
15%
Spam
15%
Spam
15%
Spam
15%
Spam
15%
Spam
15%
Spam
15%
Spam
15%
Spam
15%
Spam
15%
Spam
15%
Spam
15%
Spam
15%
Spam
15%
Spam
15%
Spam
15%
Spam
15%
Spam
15%
Spam
15%
Spam
15%
Spam
15%
Spam
15%
Spam
15%
Spam
15%
Spam
15%
Spam
15%
Spam
15%
Spam
15%
Spam
15%
Spam
15%
Spam
15%
Spam
14%
Spam
14%
Spam
14%
Spam
14%
Spam
14%
Spam
14%
Spam
14%
Spam
14%
Spam
14%
Spam
14%
Spam
14%
Spam
14%
Spam
14%
Spam
14%
Spam
14%
Spam
14%
Spam
14%
Spam
14%
Spam
14%
Spam
14%
Spam
14%
Spam
14%
Spam
14%
Spam
14%
Spam
14%
Spam
14%
Spam
14%
Spam
14%
Spam
14%
Spam
14%
Spam
14%
Spam
14%
Spam
14%
Spam
14%
Spam
14%
Spam
14%
Spam
14%
Spam
14%
Spam
14%
Spam
14%
Spam
14%
Spam
14%
Spam
14%
Spam
14%
Spam
14%
Spam
14%
Spam
14%
Spam
14%
Spam
14%
Spam
14%
Spam
14%
Spam
14%
Spam
14%
Spam
14%
Spam
14%
Spam
14%
Spam
14%
Spam
14%
Spam
14%
Spam
14%
Spam
14%
Spam
13%
Spam
13%
Spam
13%
Spam
13%
Spam
13%
Spam
13%
Spam
13%
Spam
13%
Spam
13%
Spam
13%
Spam
13%
Spam
13%
Spam
13%
Spam
13%
Spam
13%
Spam
13%
Spam
13%
Spam
13%
Spam
13%
Spam
13%
Spam
13%
Spam
13%
Spam
13%
Spam
13%
Spam
13%
Spam
13%
Spam
13%
Spam
13%
Spam
13%
Spam
13%
Spam
13%
Spam
13%
Spam
13%
Spam
13%
Spam
13%
Spam
13%
Spam
13%
Spam
13%
Spam
13%
Spam
13%
Spam
13%
Spam
13%
Spam
13%
Spam
13%
Spam
12%
Spam
12%
Spam
12%
Spam
12%
Spam
12%
Spam
12%
Spam
12%
Spam
12%
Spam
12%
Spam
12%
Spam
12%
Spam
12%
Spam
12%
Spam
12%
Spam
12%
Spam
12%
Spam
12%
Spam
12%
Spam
12%
Spam
12%
Spam
12%
Spam
12%
Spam
12%
Spam
12%
Spam
11%
Spam
11%
Spam
11%
Spam
11%
Spam
11%
Spam
11%
Spam
11%
Spam
11%
Spam
11%
Spam
11%
Spam
11%
Spam
11%
Spam
11%
Spam
11%
Spam
11%
Spam
11%
Spam
11%
Spam
11%
Spam
11%
Spam
11%
Spam
11%
Spam
11%
Spam
11%
Spam
11%
Spam
11%
Spam
11%
Spam
11%
Spam
11%
Spam
11%
Spam
11%
Spam
11%
Spam
11%
Spam
11%
Spam
11%
Spam
11%
Spam
11%
Spam
11%
Spam
11%
Spam
11%
Spam
11%
Spam
11%
Spam
11%
Spam
11%
Spam
11%
Spam
11%
Spam
11%
Spam
11%
Spam
11%
Spam
11%
Spam
11%
Spam
11%
Spam
11%
Spam
11%
Spam
11%
Spam
11%
Spam
11%
Spam
10%
Spam
10%
Spam
10%
Spam
10%
Spam
10%
Spam
10%
Spam
10%
Spam
10%
Spam
10%
Spam
10%
Spam
10%
Spam
10%
Spam
10%
Spam
10%
Spam
10%
Spam
10%
Spam
10%
Spam
10%
Spam
10%
Spam
10%
Spam
10%
Spam
10%
Spam
10%
Spam
10%
Spam
10%
Spam
10%
Spam
10%
Spam
10%
Spam
10%
Spam
10%
Spam
10%
Spam
10%
Spam
10%
Spam
10%
Spam
10%
Spam
10%
Spam
10%
Spam
10%
Spam
10%
Spam
10%
Spam
10%
Spam
10%
Spam
10%
Spam
10%
Spam
10%
Spam
10%
Spam
10%
Spam
10%
Spam
10%
Spam
10%
Spam
10%
Spam
10%
Spam
10%
Spam
9%
Spam
9%
Spam
9%
Spam
9%
Spam
9%
Spam
9%
Spam
9%
Spam
9%
Spam
9%
Spam
9%
Spam
9%
Spam
9%
Spam
9%
Spam
9%
Spam
9%
Spam
9%
Spam
9%
Spam
9%
Spam
9%
Spam
9%
Spam
9%
Spam
9%
Spam
9%
Spam
9%
Spam
9%
Spam
9%
Spam
9%
Spam
9%
Spam
9%
Spam
9%
Spam
9%
Spam
9%
Spam
9%
Spam
9%
Spam
9%
Spam
9%
Spam
9%
Spam
9%
Spam
9%
Spam
9%
Spam
9%
Spam
9%
Spam
9%
Spam
9%
Spam
9%
Spam
9%
Spam
9%
Spam
9%
Spam
9%
Spam
9%
Spam
9%
Spam
9%
Spam
9%
Spam
9%
Spam
9%
Spam
9%
Spam
9%
Spam
9%
Spam
9%
Spam
9%
Spam
9%
Spam
9%
Spam
9%
Spam
9%
Spam
9%
Spam
9%
Spam
9%
Spam
9%
Spam
9%
Spam
9%
Spam
9%
Spam
9%
Spam
8%
Spam
8%
Spam
8%
Spam
8%
Spam
8%
Spam
8%
Spam
8%
Spam
8%
Spam
8%
Spam
8%
Spam
8%
Spam
8%
Spam
8%
Spam
8%
Spam
8%
Spam
8%
Spam
8%
Spam
8%
Spam
8%
Spam
8%
Spam
8%
Spam
8%
Spam
8%
Spam
8%
Spam
8%
Spam
8%
Spam
8%
Spam
8%
Spam
8%
Spam
8%
Spam
8%
Spam
8%
Spam
8%
Spam
8%
Spam
8%
Spam
8%
Spam
8%
Spam
8%
Spam
8%
Spam
8%
Spam
8%
Spam
8%
Spam
8%
Spam
8%
Spam
8%
Spam
8%
Spam
8%
Spam
8%
Spam
8%
Spam
8%
Spam
8%
Spam
8%
Spam
8%
Spam
8%
Spam
8%
Spam
8%
Spam
8%
Spam
8%
Spam
8%
Spam
8%
Spam
8%
Spam
8%
Spam
8%
Spam
8%
Spam
8%
Spam
8%
Spam
8%
Spam
8%
Spam
8%
Spam
8%
Spam
8%
Spam
8%
Spam
8%
Spam
8%
Spam
8%
Spam
8%
Spam
8%
Spam
8%
Spam
8%
Spam
8%
Spam
8%
Spam
8%
Spam
8%
Spam
8%
Spam
8%
Spam
8%
Spam
8%
Spam
8%
Spam
8%
Spam
8%
Spam
8%
Spam
8%
Spam
8%
Spam
8%
Spam
8%
Spam
8%
Spam
8%
Spam
8%
Spam
8%
Spam
8%
Spam
8%
Spam
8%
Spam
7%
Spam
7%
Spam
7%
Spam
7%
Spam
7%
Spam
7%
Spam
7%
Spam
7%
Spam
7%
Spam
7%
Spam
7%
Spam
7%
Spam
7%
Spam
7%
Spam
7%
Spam
7%
Spam
7%
Spam
7%
Spam
7%
Spam
7%
Spam
7%
Spam
7%
Spam
7%
Spam
7%
Spam
7%
Spam
7%
Spam
7%
Spam
7%
Spam
7%
Spam
7%
Spam
6%
Spam
6%
Spam
6%
Spam
6%
Spam
6%
Spam
6%
Spam
6%
Spam
6%
Spam
6%
Spam
6%
Spam
6%
Spam
6%
Spam
6%
Spam
6%
Spam
6%
Spam
6%
Spam
5%
Spam
5%
Spam
5%
Spam
5%
Spam
5%
Spam
5%
Spam
5%
Spam
5%
Spam
5%
Spam
5%
Spam
5%
Spam
5%
Spam
5%
Spam
5%
Spam
5%
Spam
5%
Spam
5%
Spam
5%
Spam
5%
Spam
5%
Spam
5%
Spam
5%
Spam
5%
Spam
5%
Spam
5%
Spam
5%
Spam
5%
Spam
5%
Spam
5%
Spam
5%
Spam
5%
Spam
5%
Spam
5%
Spam
5%
Spam
5%
Spam
5%
Spam
5%
Spam
5%
Spam
5%
Spam
5%
Spam
5%
Spam
5%
Spam
5%
Spam
5%
Spam
5%
Spam
5%
Spam
5%
Spam
5%
Spam
4%
Spam
4%
Spam
4%
Spam
4%
Spam
4%
Spam
4%
Spam
4%
Spam
4%
Spam
4%
Spam
4%
Spam
4%
Spam
4%
Spam
4%
Spam
4%
Spam
4%
Spam
4%
Spam
4%
Spam
4%
Spam
4%
Spam
4%
Spam
4%
Spam
4%
Spam
4%
Spam
4%
Spam
4%
Spam
4%
Spam
4%
Spam
4%
Spam
4%
Spam
3%
Spam
3%
Spam
3%
Spam
3%
Spam
3%
Spam
3%
Spam
3%
Spam
3%
Spam
3%
Spam
3%
Spam
3%
Spam
3%
Spam
3%
Spam
3%
Spam
3%
Spam
3%
Spam
3%
Spam
3%
Spam
3%
Spam
3%
Spam
3%
Spam
3%
Spam
3%
Spam
3%
Spam
3%
Spam
3%
Spam
3%
Spam
3%
Spam
3%
Spam
3%
Spam
3%
Spam
3%
Spam
3%
Spam
3%
Spam
3%
Spam
3%
Spam
3%
Spam
3%
Spam
3%
Spam
3%
Spam
3%
Spam
3%
Spam
3%
Spam
3%
Spam
3%
Spam
3%
Spam
3%
Spam
3%
Spam
3%
Spam
3%
Spam
3%
Spam
3%
Spam
3%
Spam
3%
Spam
3%
Spam
3%
Spam
3%
Spam
3%
Spam
3%
Spam
3%
Spam
3%
Spam
3%
Spam
3%
Spam
3%
Spam
3%
Spam
3%
Spam
3%
Spam
3%
Spam
3%
Spam
3%
Spam
3%
Spam
3%
Spam
3%
Spam
3%
Spam
3%
Spam
3%
Spam
3%
Spam
3%
Spam
3%
Spam
3%
Spam
3%
Spam
3%
Spam
3%
Spam
3%
Spam
3%
Spam
3%
Spam
3%
Spam
3%
Spam
3%
Spam
3%
Spam
3%
Spam
3%
Spam
3%
Spam
3%
Spam
3%
Spam
3%
Spam
3%
Spam
3%
Spam
3%
Spam
3%
Spam
3%
Spam
3%
Spam
3%
Spam
3%
Spam
3%
Spam
3%
Spam
3%
Spam
3%
Spam
3%
Spam
3%
Spam
3%
Spam
3%
Spam
3%
Spam
3%
Spam
3%
Spam
3%
Spam
3%
Spam
3%
Spam
3%
Spam
3%
Spam
3%
Spam
3%
Spam
3%
Spam
3%
Spam
3%
Spam
3%
Spam
3%
Spam
3%
Spam
3%
Spam
3%
Spam
3%
Spam
3%
Spam
3%
Spam
3%
Spam
3%
Spam
3%
Spam
3%
Spam
3%
Spam
3%
Spam
3%
Spam
3%
Spam
3%
Spam
3%
Spam
3%
Spam
3%
Spam
3%
Spam
3%
Spam
3%
Spam
3%
Spam
3%
Spam
3%
Spam
3%
Spam
3%
Spam
3%
Spam
3%
Spam
3%
Spam
3%
Spam
3%
Spam
3%
Spam
3%
Spam
3%
Spam
3%
Spam
3%
Spam
3%
Spam
3%
Spam
3%
Spam
3%
Spam
3%
Spam
3%
Spam
3%
Spam
3%
Spam
3%
Spam
3%
Spam
3%
Spam
3%
Spam
3%
Spam
3%
Spam
3%
Spam
3%
Spam
3%
Spam
3%
Spam
3%
Spam
3%
Spam
3%
Spam
3%
Spam
3%
Spam
3%
Spam
3%
Spam
3%
Spam
3%
Spam
3%
Spam
3%
Spam
3%
Spam
3%
Spam
3%
Spam
3%
Spam
3%
Spam
3%
Spam
3%
Spam
3%
Spam
3%
Spam
3%
Spam
3%
Spam
3%
Spam
3%
Spam
3%
Spam
3%
Spam
3%
Spam
3%
Spam
3%
Spam
3%
Spam
3%
Spam
3%
Spam
3%
Spam
3%
Spam
3%
Spam
3%
Spam
3%
Spam
3%
Spam
3%
Spam
3%
Spam
3%
Spam
3%
Spam
3%
Spam
3%
Spam
3%
Spam
3%
Spam
3%
Spam
3%
Spam
3%
Spam
3%
Spam
3%
Spam
2%
Spam
2%
Spam
2%
Spam
2%
Spam
2%
Spam
2%
Spam
2%
Spam
2%
Spam
2%
Spam
2%
Spam
2%
Spam
2%
Spam
2%
Spam
2%
Spam
2%
Spam
2%
Spam
2%
Spam
2%
Spam
2%
Spam
2%
Spam
2%
Spam
2%
Spam
2%
Spam
2%
Spam
2%
Spam
2%
Spam
2%
Spam
2%
Spam
2%
Spam
2%
Spam
2%
Spam
2%
Spam
2%
Spam
2%
Spam
2%
Spam
2%
Spam
2%
Spam
2%
Spam
2%
Spam
2%
Spam
2%
Spam
2%
Spam
2%
Spam
2%
Spam
2%
Spam
2%
Spam
2%
Spam
2%
Spam
2%
Spam
2%
Spam
2%
Spam
2%
Spam
2%
Spam
2%
Spam
2%
Spam
2%
Spam
2%
Spam
2%
Spam
2%
Spam
2%
Spam
2%
Spam
2%
Spam
2%
Spam
2%
Spam
2%
Spam
2%
Spam
2%
Spam
2%
Spam
2%
Spam
2%
Spam
2%
Spam
2%
Spam
2%
Spam
2%
Spam
2%
Spam
2%
Spam
2%
Spam
2%
Spam
2%
Spam
2%
Spam
2%
Spam
2%
Spam
2%
Spam
2%
Spam
2%
Spam
2%
Spam
2%
Spam
2%
Spam
2%
Spam
2%
Spam
2%
Spam
2%
Spam
2%
Spam
2%
Spam
2%
Spam
2%
Spam
2%
Spam
2%
Spam
2%
Spam
2%
Spam
2%
Spam
2%
Spam
2%
Spam
2%
Spam
2%
Spam
2%
Spam
2%
Spam
2%
Spam
2%
Spam
2%
Spam
2%
Spam
2%
Spam
2%
Spam
2%
Spam
2%
Spam
2%
Spam
2%
Spam
2%
Spam
2%
Spam
2%
Spam
2%
Spam
2%
Spam
2%
Spam
2%
Spam
2%
Spam
2%
Spam
2%
Spam
2%
Spam
2%
Spam
2%
Spam
2%
Spam
2%
Spam
2%
Spam
2%
Spam
2%
Spam
2%
Spam
2%
Spam
2%
Spam
2%
Spam
2%
Spam
2%
Spam
2%
Spam
2%
Spam
2%
Spam
2%
Spam
2%
Spam
2%
Spam
2%
Spam
2%
Spam
2%
Spam
2%
Spam
2%
Spam
2%
Spam
2%
Spam
2%
Spam
2%
Spam
2%
Spam
2%
Spam
2%
Spam
2%
Spam
2%
Spam
2%
Spam
2%
Spam
2%
Spam
2%
Spam
2%
Spam
2%
Spam
2%
Spam
2%
Spam
2%
Spam
2%
Spam
2%
Spam
2%
Spam
2%
Spam
2%
Spam
2%
Spam
2%
Spam
2%
Spam
2%
Spam
2%
Spam
2%
Spam
2%
Spam
2%
Spam
2%
Spam
2%
Spam
2%
Spam
2%
Spam
2%
Spam
2%
Spam
2%
Spam
2%
Spam
2%
Spam
2%
Spam
2%
Spam
2%
Spam
2%
Spam
2%
Spam
2%
Spam
2%
Spam
2%
Spam
2%
Spam
2%
Spam
2%
Spam
2%
Spam
2%
Spam
2%
Spam
2%
Spam
2%
Spam
2%
Spam
2%
Spam
2%
Spam
2%
Spam
2%
Spam
2%
Spam
2%
Spam
2%
Spam
2%
Spam
2%
Spam
2%
Spam
2%
Spam
2%
Spam
2%
Spam
2%
Spam
2%
Spam
2%
Spam
2%
Spam
2%
Spam
2%
Spam
2%
Spam
2%
Spam
2%
Spam
2%
Spam
2%
Spam
2%
Spam
2%
Spam
2%
Spam
2%
Spam
2%
Spam
2%
Spam
2%
Spam
2%
Spam
2%
Spam
2%
Spam
2%
Spam
2%
Spam
2%
Spam
2%
Spam
2%
Spam
2%
Spam
2%
Spam
2%
Spam
2%
Spam
2%
Spam
2%
Spam
2%
Spam
2%
Spam
2%
Spam
2%
Spam
2%
Spam
2%
Spam
2%
Spam
2%
Spam
2%
Spam
2%
Spam
2%
Spam
2%
Spam
2%
Spam
2%
Spam
2%
Spam
2%
Spam
2%
Spam
2%
Spam
2%
Spam
2%
Spam
2%
Spam
2%
Spam
2%
Spam
2%
Spam
2%
Spam
2%
Spam
2%
Spam
2%
Spam
2%
Spam
2%
Spam
2%
Spam
2%
Spam
2%
Spam
2%
Spam
2%
Spam
2%
Spam
2%
Spam
2%
Spam
2%
Spam
2%
Spam
2%
Spam
2%
Spam
2%
Spam
2%
Spam
2%
Spam
2%
Spam
2%
Spam
2%
Spam
2%
Spam
2%
Spam
2%
Spam
2%
Spam
2%
Spam
2%
Spam
2%
Spam
2%
Spam
2%
Spam
2%
Spam
2%
Spam
2%
Spam
2%
Spam
2%
Spam
2%
Spam
2%
Spam
2%
Spam
2%
Spam
2%
Spam
2%
Spam
2%
Spam
2%
Spam
2%
Spam
2%
Spam
2%
Spam
2%
Spam
2%
Spam
2%
Spam
2%
Spam
2%
Spam
2%
Spam
2%
Spam
2%
Spam
2%
Spam
2%
Spam
2%
Spam
2%
Spam
2%
Spam
2%
Spam
2%
Spam
2%
Spam
2%
Spam
2%
Spam
2%
Spam
2%
Spam
2%
Spam
2%
Spam
2%
Spam
2%
Spam
2%
Spam
2%
Spam
2%
Spam
2%
Spam
2%
Spam
2%
Spam
2%
Spam
2%
Spam
2%
Spam
2%
Spam
2%
Spam
2%
Spam
2%
Spam
2%
Spam
2%
Spam
2%
Spam
2%
Spam
2%
Spam
2%
Spam
2%
Spam
2%
Spam
2%
Spam
2%
Spam
2%
Spam
2%
Spam
2%
Spam
2%
Spam
2%
Spam
2%
Spam
2%
Spam
2%
Spam
2%
Spam
2%
Spam
2%
Spam
2%
Spam
2%
Spam
2%
Spam
2%
Spam
2%
Spam
2%
Spam
2%
Spam
2%
Spam
2%
Spam
2%
Spam
2%
Spam
2%
Spam
2%
Spam
2%
Spam
2%
Spam
2%
Spam
2%
Spam
2%
Spam
2%
Spam
2%
Spam
2%
Spam
2%
Spam
2%
Spam
2%
Spam
2%
Spam
2%
Spam
2%
Spam
2%
Spam
2%
Spam
2%
Spam
2%
Spam
2%
Spam
2%
Spam
2%
Spam
2%
Spam
2%
Spam
2%
Spam
2%
Spam
2%
Spam
2%
Spam
2%
Spam
2%
Spam
2%
Spam
2%
Spam
2%
Spam
2%
Spam
2%
Spam
2%
Spam
2%
Spam
2%
Spam
2%
Spam
2%
Spam
2%
Spam
2%
Spam
2%
Spam
2%
Spam
2%
Spam
2%
Spam
2%
Spam
2%
Spam
2%
Spam
2%
Spam
2%
Spam
2%
Spam
2%
Spam
2%
Spam
2%
Spam
2%
Spam
2%
Spam
2%
Spam
2%
Spam
2%
Spam
2%
Spam
2%
Spam
2%
Spam
2%
Spam
2%
Spam
2%
Spam
2%
Spam
2%
Spam
2%
Spam
2%
Spam
2%
Spam
2%
Spam
2%
Spam
2%
Spam
2%
Spam
2%
Spam
2%
Spam
2%
Spam
2%
Spam
2%
Spam
2%
Spam
2%
Spam
2%
Spam
2%
Spam
2%
Spam
2%
Spam
2%
Spam
2%
Spam
2%
Spam
2%
Spam
2%
Spam
2%
Spam
2%
Spam
2%
Spam
2%
Spam
2%
Spam
2%
Spam
2%
Spam
2%
Spam
2%
Spam
2%
Spam
2%
Spam
2%
Spam
2%
Spam
2%
Spam
2%
Spam
2%
Spam
2%
Spam
2%
Spam
2%
Spam
2%
Spam
2%
Spam
2%
Spam
2%
Spam
2%
Spam
2%
Spam
2%
Spam
2%
Spam
2%
Spam
2%
Spam
2%
Spam
2%
Spam
2%
Spam
2%
Spam
2%
Spam
2%
Spam
2%
Spam
2%
Spam
2%
Spam
2%
Spam
2%
Spam
2%
Spam
2%
Spam
2%
Spam
2%
Spam
2%
Spam
2%
Spam
2%
Spam
2%
Spam
2%
Spam
2%
Spam
2%
Spam
2%
Spam
2%
Spam
2%
Spam
2%
Spam
2%
Spam
2%
Spam
2%
Spam
2%
Spam
2%
Spam
2%
Spam
2%
Spam
2%
Spam
2%
Spam
2%
Spam
2%
Spam
2%
Spam
2%
Spam
2%
Spam
2%
Spam
2%
Spam
2%
Spam
2%
Spam
2%
Spam
2%
Spam
2%
Spam
2%
Spam
2%
Spam
2%
Spam
2%
Spam
2%
Spam
2%
Spam
2%
Spam
2%
Spam
2%
Spam
2%
Spam
2%
Spam
2%
Spam
2%
Spam
2%
Spam
2%
Spam
2%
Spam
2%
Spam
2%
Spam
2%
Spam
2%
Spam
2%
Spam
2%
Spam
2%
Spam
2%
Spam
2%
Spam
2%
Spam
2%
Spam
2%
Spam
2%
Spam
2%
Spam
2%
Spam
2%
Spam
2%
Spam
2%
Spam
2%
Spam
2%
Spam
2%
Spam
2%
Spam
2%
Spam
2%
Spam
2%
Spam
2%
Spam
2%
Spam
2%
Spam
2%
Spam
2%
Spam
2%
Spam
2%
Spam
2%
Spam
2%
Spam
2%
Spam
2%
Spam
2%
Spam
2%
Spam
2%
Spam
2%
Spam
2%
Spam
2%
Spam
2%
Spam
2%
Spam
2%
Spam
2%
Spam
2%
Spam
2%
Spam
2%
Spam
2%
Spam
2%
Spam
2%
Spam
2%
Spam
2%
Spam
2%
Spam
2%
Spam
2%
Spam
2%
Spam
2%
Spam
2%
Spam
2%
Spam
2%
Spam
2%
Spam
2%
Spam
2%
Spam
2%
Spam
2%
Spam
2%
Spam
2%
Spam
2%
Spam
2%
Spam
2%
Spam
2%
Spam
2%
Spam
2%
Spam
2%
Spam
2%
Spam
2%
Spam
2%
Spam
2%
Spam
2%
Spam
2%
Spam
2%
Spam
2%
Spam
2%
Spam
2%
Spam
2%
Spam
2%
Spam
2%
Spam
2%
Spam
2%
Spam
2%
Spam
2%
Spam
2%
Spam
2%
Spam
2%
Spam
2%
Spam
2%
Spam
2%
Spam
2%
Spam
2%
Spam
2%
Spam
2%
Spam
2%
Spam
2%
Spam
2%
Spam
2%
Spam
2%
Spam
2%
Spam
2%
Spam
2%
Spam
2%
Spam
2%
Spam
2%
Spam
2%
Spam
2%
Spam
2%
Spam
2%
Spam
2%
Spam
2%
Spam
2%
Spam
2%
Spam
2%
Spam
2%
Spam
2%
Spam
2%
Spam
2%
Spam
2%
Spam
2%
Spam
2%
Spam
2%
Spam
2%
Spam
2%
Spam
2%
Spam
2%
Spam
2%
Spam
2%
Spam
2%
Spam
2%
Spam
2%
Spam
2%
Spam
2%
Spam
2%
Spam
2%
Spam
2%
Spam
2%
Spam
2%
Spam
2%
Spam
2%
Spam
2%
Spam
2%
Spam
2%
Spam
2%
Spam
2%
Spam
2%
Spam
2%
Spam
2%
Spam
2%
Spam
2%
Spam
2%
Spam
2%
Spam
2%
Spam
2%
Spam
2%
Spam
2%
Spam
2%
Spam
2%
Spam
2%
Spam
2%
Spam
2%
Spam
2%
Spam
2%
Spam
2%
Spam
2%
Spam
2%
Spam
2%
Spam
2%
Spam
2%
Spam
2%
Spam
2%
Spam
2%
Spam
2%
Spam
2%
Spam
2%
Spam
2%
Spam
2%
Spam
2%
Spam
2%
Spam
2%
Spam
2%
Spam
2%
Spam
2%
Spam
2%
Spam
2%
Spam
2%
Spam
2%
Spam
2%
Spam
2%
Spam
2%
Spam
2%
Spam
2%
Spam
2%
Spam
2%
Spam
2%
Spam
2%
Spam
2%
Spam
2%
Spam
2%
Spam
2%
Spam
2%
Spam
2%
Spam
2%
Spam
2%
Spam
2%
Spam
2%
Spam
2%
Spam
2%
Spam
2%
Spam
2%
Spam
2%
Spam
2%
Spam
2%
Spam
2%
Spam
2%
Spam
2%
Spam
2%
Spam
2%
Spam
2%
Spam
2%
Spam
2%
Spam
2%
Spam
2%
Spam
2%
Spam
2%
Spam
2%
Spam
2%
Spam
2%
Spam
2%
Spam
2%
Spam
2%
Spam
2%
Spam
2%
Spam
2%
Spam
2%
Spam
2%
Spam
2%
Spam
2%
Spam
2%
Spam
2%
Spam
2%
Spam
2%
Spam
2%
Spam
2%
Spam
2%
Spam
2%
Spam
2%
Spam
2%
Spam
2%
Spam
2%
Spam
2%
Spam
2%
Spam
2%
Spam
2%
Spam
2%
Spam
2%
Spam
2%
Spam
2%
Spam
2%
Spam
2%
Spam
2%
Spam
2%
Spam
2%
Spam
2%
Spam
2%
Spam
2%
Spam
2%
Spam
2%
Spam
2%
Spam
2%
Spam
2%
Spam
2%
Spam
2%
Spam
2%
Spam
2%
Spam
2%
Spam
2%
Spam
2%
Spam
2%
Spam
2%
Spam
2%
Spam
2%
Spam
2%
Spam
2%
Spam
2%
Spam
2%
Spam
2%
Spam
2%
Spam
2%
Spam
2%
Spam
2%
Spam
2%
Spam
2%
Spam
2%
Spam
2%
Spam
2%
Spam
2%
Spam
2%
Spam
2%
Spam
2%
Spam
2%
Spam
2%
Spam
2%
Spam
2%
Spam
2%
Spam
2%
Spam
2%
Spam
2%
Spam
2%
Spam
2%
Spam
2%
Spam
2%
Spam
2%
Spam
2%
Spam
2%
Spam
2%
Spam
2%
Spam
2%
Spam
2%
Spam
2%
Spam
2%
Spam
2%
Spam
2%
Spam
2%
Spam
2%
Spam
2%
Spam
2%
Spam
2%
Spam
2%
Spam
2%
Spam
2%
Spam
2%
Spam
2%
Spam
2%
Spam
2%
Spam
2%
Spam
2%
Spam
2%
Spam
2%
Spam
2%
Spam
2%
Spam
2%
Spam
2%
Spam
2%
Spam
2%
Spam
2%
Spam
2%
Spam
2%
Spam
2%
Spam
2%
Spam
2%
Spam
2%
Spam
2%
Spam
2%
Spam
2%
Spam
2%
Spam
2%
Spam
2%
Spam
2%
Spam
2%
Spam
2%
Spam
2%
Spam
2%
Spam
2%
Spam
2%
Spam
2%
Spam
2%
Spam
2%
Spam
2%
Spam
2%
Spam
2%
Spam
2%
Spam
2%
Spam
2%
Spam
2%
Spam
2%
Spam
2%
Spam
2%
Spam
2%
Spam
2%
Spam
2%
Spam
2%
Spam
2%
Spam
2%
Spam
2%
Spam
2%
Spam
2%
Spam
2%
Spam
2%
Spam
2%
Spam
2%
Spam
2%
Spam
2%
Spam
2%
Spam
2%
Spam
2%
Spam
2%
Spam
2%
Spam
2%
Spam
2%
Spam
2%
Spam
2%
Spam
2%
Spam
2%
Spam
2%
Spam
2%
Spam
2%
Spam
2%
Spam
2%
Spam
2%
Spam
2%
Spam
2%
Spam
2%
Spam
2%
Spam
2%
Spam
2%
Spam
2%
Spam
2%
Spam
2%
Spam
2%
Spam
2%
Spam
2%
Spam
2%
Spam
2%
Spam
2%
Spam
2%
Spam
2%
Spam
2%
Spam
2%
Spam
2%
Spam
2%
Spam
2%
Spam
2%
Spam
2%
Spam
2%
Spam
2%
Spam
2%
Spam
2%
Spam
2%
Spam
2%
Spam
2%
Spam
2%
Spam
2%
Spam
2%
Spam
2%
Spam
2%
Spam
2%
Spam
2%
Spam
2%
Spam
2%
Spam
2%
Spam
2%
Spam
2%
Spam
2%
Spam
2%
Spam
2%
Spam
2%
Spam
2%
Spam
2%
Spam
2%
Spam
2%
Spam
2%
Spam
2%
Spam
2%
Spam
2%
Spam
2%
Spam
2%
Spam
2%
Spam
2%
Spam
2%
Spam
2%
Spam
2%
Spam
2%
Spam
2%
Spam
2%
Spam
2%
Spam
2%
Spam
2%
Spam
2%
Spam
2%
Spam
2%
Spam
2%
Spam
2%
Spam
2%
Spam
2%
Spam
2%
Spam
2%
Spam
2%
Spam
2%
Spam
2%
Spam
2%
Spam
2%
Spam
2%
Spam
2%
Spam
2%
Spam
2%
Spam
2%
Spam
2%
Spam
2%
Spam
2%
Spam
2%
Spam
2%
Spam
2%
Spam
2%
Spam
2%
Spam
2%
Spam
2%
Spam
2%
Spam
2%
Spam
2%
Spam
2%
Spam
2%
Spam
2%
Spam
2%
Spam
2%
Spam
2%
Spam
2%
Spam
2%
Spam
2%
Spam
2%
Spam
2%
Spam
2%
Spam
2%
Spam
2%
Spam
2%
Spam
2%
Spam
2%
Spam
2%
Spam
2%
Spam
2%
Spam
2%
Spam
2%
Spam
2%
Spam
2%
Spam
2%
Spam
2%
Spam
2%
Spam
2%
Spam
2%
Spam
2%
Spam
2%
Spam
2%
Spam
2%
Spam
2%
Spam
2%
Spam
2%
Spam
2%
Spam
2%
Spam
2%
Spam
2%
Spam
2%
Spam
2%
Spam
2%
Spam
2%
Spam
2%
Spam
2%
Spam
2%
Spam
2%
Spam
2%
Spam
2%
Spam
2%
Spam
2%
Spam
2%
Spam
2%
Spam
2%
Spam
2%
Spam
2%
Spam
2%
Spam
2%
Spam
2%
Spam
2%
Spam
2%
Spam
2%
Spam
2%
Spam
2%
Spam
2%
Spam
2%
Spam
2%
Spam
2%
Spam
2%
Spam
2%
Spam
2%
Spam
2%
Spam
2%
Spam
2%
Spam
2%
Spam
2%
Spam
2%
Spam
2%
Spam
2%
Spam
2%
Spam
2%
Spam
2%
Spam
2%
Spam
2%
Spam
2%
Spam
2%
Spam
2%
Spam
2%
Spam
2%
Spam
2%
Spam
2%
Spam
2%
Spam
2%
Spam
2%
Spam
2%
Spam
2%
Spam
2%
Spam
2%
Spam
2%
Spam
2%
Spam
2%
Spam
2%
Spam
2%
Spam
2%
Spam
2%
Spam
2%
Spam
2%
Spam
2%
Spam
2%
Spam
2%
Spam
2%
Spam
2%
Spam
2%
Spam
2%
Spam
2%
Spam
2%
Spam
2%
Spam
2%
Spam
2%
Spam
2%
Spam
2%
Spam
2%
Spam
2%
Spam
2%
Spam
2%
Spam
2%
Spam
2%
Spam
2%
Spam
2%
Spam
2%
Spam
2%
Spam
2%
Spam
2%
Spam
2%
Spam
2%
Spam
2%
Spam
2%
Spam
2%
Spam
2%
Spam
2%
Spam
2%
Spam
2%
Spam
2%
Spam
2%
Spam
2%
Spam
2%
Spam
2%
Spam
2%
Spam
2%
Spam
2%
Spam
2%
Spam
2%
Spam
2%
Spam
2%
Spam
2%
Spam
2%
Spam
2%
Spam
2%
Spam
2%
Spam
2%
Spam
2%
Spam
2%
Spam
2%
Spam
2%
Spam
2%
Spam
2%
Spam
2%
Spam
2%
Spam
2%
Spam
2%
Spam
2%
Spam
2%
Spam
2%
Spam
2%
Spam
2%
Spam
2%
Spam
2%
Spam
2%
Spam
2%
Spam
2%
Spam
2%
Spam
2%
Spam
2%
Spam
2%
Spam
2%
Spam
2%
Spam
2%
Spam
2%
Spam
2%
Spam
2%
Spam
2%
Spam
2%
Spam
2%
Spam
2%
Spam
2%
Spam
2%
Spam
2%
Spam
2%
Spam
2%
Spam
2%
Spam
2%
Spam
2%
Spam
2%
Spam
2%
Spam
2%
Spam
2%
Spam
2%
Spam
2%
Spam
2%
Spam
2%
Spam
2%
Spam
2%
Spam
2%
Spam
2%
Spam
2%
Spam
2%
Spam
2%
Spam
2%
Spam
2%
Spam
2%
Spam
2%
Spam
2%
Spam
2%
Spam
2%
Spam
2%
Spam
2%
Spam
2%
Spam
2%
Spam
2%
Spam
2%
Spam
2%
Spam
2%
Spam
2%
Spam
2%
Spam
2%
Spam
2%
Spam
2%
Spam
2%
Spam
2%
Spam
2%
Spam
2%
Spam
2%
Spam
2%
Spam
2%
Spam
2%
Spam
2%
Spam
2%
Spam
2%
Spam
2%
Spam
2%
Spam
2%
Spam
2%
Spam
2%
Spam
2%
Spam
2%
Spam
2%
Spam
2%
Spam
2%
Spam
2%
Spam
2%
Spam
2%
Spam
2%
Spam
2%
Spam
2%
Spam
2%
Spam
2%
Spam
2%
Spam
2%
Spam
2%
Spam
2%
Spam
2%
Spam
2%
Spam
2%
Spam
2%
Spam
2%
Spam
2%
Spam
2%
Spam
2%
Spam
2%
Spam
2%
Spam
2%
Spam
2%
Spam
2%
Spam
2%
Spam
2%
Spam
2%
Spam
2%
Spam
2%
Spam
2%
Spam
2%
Spam
2%
Spam
2%
Spam
2%
Spam
2%
Spam
2%
Spam
2%
Spam
2%
Spam
2%
Spam
2%
Spam
2%
Spam
2%
Spam
2%
Spam
2%
Spam
2%
Spam
2%
Spam
2%
Spam
2%
Spam
2%
Spam
2%
Spam
2%
Spam
2%
Spam
2%
Spam
2%
Spam
2%
Spam
2%
Spam
2%
Spam
2%
Spam
2%
Spam
2%
Spam
2%
Spam
2%
Spam
2%
Spam
2%
Spam
2%
Spam
2%
Spam
2%
Spam
2%
Spam
2%
Spam
2%
Spam
2%
Spam
2%
Spam
2%
Spam
2%
Spam
2%
Spam
2%
Spam
2%
Spam
2%
Spam
2%
Spam
2%
Spam
2%
Spam
2%
Spam
2%
Spam
2%
Spam
2%
Spam
2%
Spam
2%
Spam
2%
Spam
2%
Spam
2%
Spam
2%
Spam
2%
Spam
2%
Spam
2%
Spam
2%
Spam
2%
Spam
2%
Spam
2%
Spam
2%
Spam
2%
Spam
2%
Spam
2%
Spam
2%
Spam
2%
Spam
2%
Spam
2%
Spam
2%
Spam
2%
Spam
2%
Spam
2%
Spam
2%
Spam
2%
Spam
2%
Spam
2%
Spam
2%
Spam
2%
Spam
2%
Spam
2%
Spam
2%
Spam
1%
Spam
1%
Spam
1%
Spam
1%
Spam
1%
Spam
1%
Spam
1%
Spam
1%
Spam
1%
Spam
1%
Spam
1%
Spam
1%
Spam
1%
Spam
1%
Spam
1%
Spam
1%
Spam
1%
Spam
1%
Spam
1%
Spam
1%
Spam
1%
Spam
1%
Spam
1%
Spam
1%
Spam
1%
Spam
1%
Spam
1%
Spam
1%
Spam
1%
Spam
1%
Spam
1%
Spam
1%
Spam
1%
Spam
1%
Spam
1%
Spam
1%
Spam
1%
Spam
1%
Spam
1%
Spam
1%
Spam
1%
Spam
1%
Spam
1%
Spam
1%
Spam
1%
Spam
1%
Spam
1%
Spam
1%
Spam
1%
Spam
1%
Spam
1%
Spam
1%
Spam
1%
Spam
1%
Spam
1%
Spam
1%
Spam
1%
Spam
1%
Spam
1%
Spam
1%
Spam
1%
Spam
1%
Spam
1%
Spam
1%
Spam
1%
Spam
1%
Spam
1%
Spam
1%
Spam
1%
Spam
1%
Spam
1%
Spam
1%
Spam
1%
Spam
1%
Spam
1%
Spam
1%
Spam
1%
Spam
1%
Spam
1%
Spam
1%
Spam
1%
Spam
1%
Spam
1%
Spam
1%
Spam
1%
Spam
1%
Spam
1%
Spam
1%
Spam
1%
Spam
1%
Spam
1%
Spam
1%
Spam
1%
Spam
1%
Spam
1%
Spam
1%
Spam
1%
Spam
1%
Spam
1%
Spam
1%
Spam
1%
Spam
1%
Spam
1%
Spam
1%
Spam
1%
Spam
1%
Spam
1%
Spam
1%
Spam
1%
Spam
1%
Spam
1%
Spam
1%
Spam
1%
Spam
1%
Spam
1%
Spam
1%
Spam
1%
Spam
1%
Spam
1%
Spam
1%
Spam
1%
Spam
1%
Spam
1%
Spam
1%
Spam
1%
Spam
1%
Spam
1%
Spam
1%
Spam
1%
Spam
1%
Spam
1%
Spam
1%
Spam
1%
Spam
1%
Spam
1%
Spam
1%
Spam
1%
Spam
1%
Spam
1%
Spam
1%
Spam
1%
Spam
1%
Spam
1%
Spam
1%
Spam
1%
Spam
1%
Spam
1%
Spam
1%
Spam
1%
Spam
1%
Spam
1%
Spam
1%
Spam
1%
Spam
1%
Spam
1%
Spam
1%
Spam
1%
Spam
1%
Spam
1%
Spam
1%
Spam
1%
Spam
1%
Spam
1%
Spam
1%
Spam
1%
Spam
1%
Spam
1%
Spam
1%
Spam
1%
Spam
1%
Spam
1%
Spam
1%
Spam
1%
Spam
1%
Spam
1%
Spam
1%
Spam
1%
Spam
1%
Spam
1%
Spam
1%
Spam
1%
Spam
1%
Spam
1%
Spam
1%
Spam
1%
Spam
1%
Spam
1%
Spam
1%
Spam
1%
Spam
1%
Spam
1%
Spam
1%
Spam
1%
Spam
1%
Spam
1%
Spam
1%
Spam
1%
Spam
1%
Spam
1%
Spam
1%
Spam
1%
Spam
1%
Spam
1%
Spam
1%
Spam
1%
Spam
1%
Spam
1%
Spam
1%
Spam
1%
Spam
1%
Spam
1%
Spam
1%
Spam
1%
Spam
1%
Spam
1%
Spam
1%
Spam
1%
Spam
1%
Spam
1%
Spam
1%
Spam
1%
Spam
1%
Spam
1%
Spam
1%
Spam
1%
Spam
1%
Spam
1%
Spam
1%
Spam
1%
Spam
1%
Spam
1%
Spam
1%
Spam
1%
Spam
1%
Spam
1%
Spam
1%
Spam
1%
Spam
1%
Spam
1%
Spam
1%
Spam
1%
Spam
1%
Spam
1%
Spam
1%
Spam
1%
Spam
1%
Spam
1%
Spam
1%
Spam
1%
Spam
1%
Spam
1%
Spam
1%
Spam
1%
Spam
1%
Spam
1%
Spam
1%
Spam
1%
Spam
1%
Spam
1%
Spam
1%
Spam
1%
Spam
1%
Spam
1%
Spam
1%
Spam
1%
Spam
1%
Spam
1%
Spam
1%
Spam
1%
Spam
1%
Spam
1%
Spam
1%
Spam
1%
Spam
1%
Spam
1%
Spam
1%
Spam
1%
Spam
1%
Spam
1%
Spam
1%
Spam
1%
Spam
1%
Spam
1%
Spam
1%
Spam
1%
Spam
1%
Spam
1%
Spam
1%
Spam
1%
Spam
1%
Spam
1%
Spam
1%
Spam
1%
Spam
1%
Spam
1%
Spam
1%
Spam
1%
Spam
1%
Spam
1%
Spam
1%
Spam
1%
Spam
1%
Spam
1%
Spam
1%
Spam
1%
Spam
1%
Spam
1%
Spam
1%
Spam
1%
Spam
1%
Spam
1%
Spam
1%
Spam
1%
Spam
1%
Spam
1%
Spam
1%
Spam
1%
Spam
1%
Spam
1%
Spam
1%
Spam
1%
Spam
1%
Spam
1%
Spam
1%
Spam
1%
Spam
1%
Spam
1%
Spam
1%
Spam
1%
Spam
1%
Spam
1%
Spam
1%
Spam
1%
Spam
1%
Spam
1%
Spam
1%
Spam
1%
Spam
1%
Spam
1%
Spam
1%
Spam
1%
Spam
1%
Spam
1%
Spam
1%
Spam
1%
Spam
1%
Spam
1%
Spam
1%
Spam
1%
Spam
1%
Spam
1%
Spam
1%
Spam
1%
Spam
1%
Spam
1%
Spam
1%
Spam
1%
Spam
1%
Spam
1%
Spam
1%
Spam
1%
Spam
1%
Spam
1%
Spam
1%
Spam
1%
Spam
1%
Spam
1%
Spam
1%
Spam
1%
Spam
1%
Spam
1%
Spam
1%
Spam
1%
Spam
1%
Spam
1%
Spam
1%
Spam
1%
Spam
1%
Spam
1%
Spam
1%
Spam
1%
Spam
1%
Spam
1%
Spam
1%
Spam
1%
Spam
1%
Spam
1%
Spam
1%
Spam
1%
Spam
1%
Spam
1%
Spam
1%
Spam
1%
Spam
1%
Spam
1%
Spam
1%
Spam
1%
Spam
1%
Spam
1%
Spam
1%
Spam
1%
Spam
1%
Spam
1%
Spam
1%
Spam
1%
Spam
1%
Spam
1%
Spam
1%
Spam
1%
Spam
1%
Spam
1%
Spam
1%
Spam
1%
Spam
1%
Spam
1%
Spam
1%
Spam
1%
Spam
1%
Spam
1%
Spam
1%
Spam
1%
Spam
1%
Spam
1%
Spam
1%
Spam
1%
Spam
1%
Spam
1%
Spam
1%
Spam
1%
Spam
1%
Spam
1%
Spam
1%
Spam
1%
Spam
1%
Spam
1%
Spam
1%
Spam
1%
Spam
1%
Spam
1%
Spam
1%
Spam
1%
Spam
1%
Spam
1%
Spam
1%
Spam
1%
Spam
1%
Spam
1%
Spam
1%
Spam
1%
Spam
1%
Spam
1%
Spam
1%
Spam
1%
Spam
1%
Spam
1%
Spam
1%
Spam
1%
Spam
1%
Spam
1%
Spam
1%
Spam
1%
Spam
1%
Spam
1%
Spam
1%
Spam
1%
Spam
1%
Spam
1%
Spam
1%
Spam
1%
Spam
1%
Spam
1%
Spam
1%
Spam
1%
Spam
1%
Spam
1%
Spam
1%
Spam
1%
Spam
1%
Spam
1%
Spam
1%
Spam
1%
Spam
1%
Spam
1%
Spam
1%
Spam
1%
Spam
1%
Spam
1%
Spam
1%
Spam
1%
Spam
1%
Spam
1%
Spam
1%
Spam
1%
Spam
1%
Spam
1%
Spam
1%
Spam
1%
Spam
1%
Spam
1%
Spam
1%
Spam
1%
Spam
1%
Spam
1%
Spam
1%
Spam
1%
Spam
1%
Spam
1%
Spam
1%
Spam
1%
Spam
1%
Spam
1%
Spam
1%
Spam
1%
Spam
1%
Spam
1%
Spam
1%
Spam
1%
Spam
1%
Spam
1%
Spam
1%
Spam
1%
Spam
1%
Spam
1%
Spam
1%
Spam
1%
Spam
1%
Spam
1%
Spam
1%
Spam
1%
Spam
1%
Spam
1%
Spam
1%
Spam
1%
Spam
1%
Spam
1%
Spam
1%
Spam
1%
Spam
1%
Spam
1%
Spam
1%
Spam
1%
Spam
1%
Spam
1%
Spam
1%
Spam
1%
Spam
1%
Spam
1%
Spam
1%
Spam
1%
Spam
1%
Spam
1%
Spam
1%
Spam
1%
Spam
1%
Spam
1%
Spam
1%
Spam
1%
Spam
1%
Spam
1%
Spam
1%
Spam
1%
Spam
1%
Spam
1%
Spam
1%
Spam
1%
Spam
1%
Spam
1%
Spam
1%
Spam
1%
Spam
1%
Spam
1%
Spam
1%
Spam
1%
Spam
1%
Spam
1%
Spam
1%
Spam
1%
Spam
1%
Spam
1%
Spam
1%
Spam
1%
Spam
1%
Spam
1%
Spam
1%
Spam
1%
Spam
1%
Spam
1%
Spam
1%
Spam
1%
Spam
1%
Spam
1%
Spam
1%
Spam
1%
Spam
1%
Spam
1%
Spam
1%
Spam
1%
Spam
1%
Spam
1%
Spam
1%
Spam
1%
Spam
1%
Spam
1%
Spam
1%
Spam
1%
Spam
1%
Spam
1%
Spam
1%
Spam
1%
Spam
1%
Spam
1%
Spam
1%
Spam
1%
Spam
1%
Spam
1%
Spam
1%
Spam
1%
Spam
1%
Spam
1%
Spam
1%
Spam
1%
Spam
1%
Spam
1%
Spam
1%
Spam
1%
Spam
1%
Spam
1%
Spam
1%
Spam
1%
Spam
1%
Spam
1%
Spam
1%
Spam
1%
Spam
1%
Spam
1%
Spam
1%
Spam
1%
Spam
1%
Spam
1%
Spam
1%
Spam
1%
Spam
1%
Spam
1%
Spam
1%
Spam
1%
Spam
1%
Spam
1%
Spam
1%
Spam
1%
Spam
1%
Spam
1%
Spam
1%
Spam
1%
Spam
1%
Spam
1%
Spam
1%
Spam
1%
Spam
1%
Spam
1%
Spam
1%
Spam
1%
Spam
1%
Spam
1%
Spam
1%
Spam
1%
Spam
1%
Spam
1%
Spam
1%
Spam
1%
Spam
1%
Spam
1%
Spam
1%
Spam
1%
Spam
1%
Spam
1%
Spam
1%
Spam
1%
Spam
1%
Spam
1%
Spam
1%
Spam
1%
Spam
1%
Spam
1%
Spam
1%
Spam
1%
Spam
1%
Spam
1%
Spam
1%
Spam
1%
Spam
1%
Spam
1%
Spam
1%
Spam
1%
Spam
1%
Spam
1%
Spam
1%
Spam
1%
Spam
1%
Spam
1%
Spam
1%
Spam
1%
Spam
1%
Spam
1%
Spam
1%
Spam
1%
Spam
1%
Spam
1%
Spam
1%
Spam
1%
Spam
1%
Spam
1%
Spam
1%
Spam
1%
Spam
1%
Spam
1%
Spam
1%
Spam
1%
Spam
1%
Spam
1%
Spam
1%
Spam
1%
Spam
1%
Spam
1%
Spam
1%
Spam
1%
Spam
1%
Spam
1%
Spam
1%
Spam
1%
Spam
1%
Spam
1%
Spam
1%
Spam
1%
Spam
1%
Spam
1%
Spam
1%
Spam
1%
Spam
1%
Spam
1%
Spam
1%
Spam
1%
Spam
1%
Spam
1%
Spam
1%
Spam
1%
Spam
1%
Spam
1%
Spam
1%
Spam
1%
Spam
1%
Spam
1%
Spam
1%
Spam
1%
Spam
1%
Spam
1%
Spam
1%
Spam
1%
Spam
1%
Spam
1%
Spam
1%
Spam
1%
Spam
1%
Spam
1%
Spam
1%
Spam
1%
Spam
1%
Spam
1%
Spam
1%
Spam
1%
Spam
1%
Spam
1%
Spam
1%
Spam
1%
Spam
1%
Spam
1%
Spam
1%
Spam
1%
Spam
1%
Spam
1%
Spam
1%
Spam
1%
Spam
1%
Spam
1%
Spam
1%
Spam
1%
Spam
1%
Spam
1%
Spam
1%
Spam
1%
Spam
1%
Spam
1%
Spam
1%
Spam
1%
Spam
1%
Spam
1%
Spam
1%
Spam
1%
Spam
1%
Spam
1%
Spam
1%
Spam
1%
Spam
1%
Spam
1%
Spam
1%
Spam
1%
Spam
1%
Spam
1%
Spam
1%
Spam
1%
Spam
1%
Spam
1%
Spam
1%
Spam
1%
Spam
1%
Spam
1%
Spam
1%
Spam
1%
Spam
1%
Spam
1%
Spam
1%
Spam
1%
Spam
1%
Spam
1%
Spam
1%
Spam
1%
Spam
1%
Spam
1%
Spam
1%
Spam
1%
Spam
1%
Spam
1%
Spam
1%
Spam
1%
Spam
1%
Spam
1%
Spam
1%
Spam
1%
Spam
1%
Spam
1%
Spam
1%
Spam
1%
Spam
1%
Spam
1%
Spam
1%
Spam
1%
Spam
1%
Spam
1%
Spam
1%
Spam
1%
Spam
1%
Spam
1%
Spam
1%
Spam
1%
Spam
1%
Spam
1%
Spam
1%
Spam
1%
Spam
1%
Spam
1%
Spam
1%
Spam
1%
Spam
1%
Spam
1%
Spam
1%
Spam
1%
Spam
1%
Spam
1%
Spam
1%
Spam
1%
Spam
1%
Spam
1%
Spam
1%
Spam
1%
Spam
1%
Spam
1%
Spam
1%
Spam
1%
Spam
1%
Spam
1%
Spam
1%
Spam
1%
Spam
1%
Spam
1%
Spam
1%
Spam
1%
Spam
1%
Spam
1%
Spam
1%
Spam
1%
Spam
1%
Spam
1%
Spam
1%
Spam
1%
Spam
1%
Spam
1%
Spam
1%
Spam
1%
Spam
1%
Spam
1%
Spam
1%
Spam
1%
Spam
1%
Spam
1%
Spam
1%
Spam
1%
Spam
1%
Spam
1%
Spam
1%
Spam
1%
Spam
1%
Spam
1%
Spam
1%
Spam
1%
Spam
1%
Spam
1%
Spam
1%
Spam
1%
Spam
1%
Spam
1%
Spam
1%
Spam
1%
Spam
1%
Spam
1%
Spam
1%
Spam
1%
Spam
1%
Spam
1%
Spam
1%
Spam
1%
Spam
1%
Spam
1%
Spam
1%
Spam
1%
Spam
1%
Spam
1%
Spam
1%
Spam
1%
Spam
1%
Spam
1%
Spam
1%
Spam
1%
Spam
1%
Spam
1%
Spam
1%
Spam
1%
Spam
1%
Spam
1%
Spam
1%
Spam
1%
Spam
1%
Spam
1%
Spam
1%
Spam
1%
Spam
1%
Spam
1%
Spam
1%
Spam
1%
Spam
1%
Spam
1%
Spam
1%
Spam
1%
Spam
1%
Spam
1%
Spam
1%
Spam
1%
Spam
1%
Spam
1%
Spam
1%
Spam
1%
Spam
1%
Spam
1%
Spam
1%
Spam
1%
Spam
1%
Spam
1%
Spam
1%
Spam
1%
Spam
1%
Spam
1%
Spam
1%
Spam
1%
Spam
1%
Spam
1%
Spam
1%
Spam
1%
Spam
1%
Spam
1%
Spam
1%
Spam
1%
Spam
1%
Spam
1%
Spam
1%
Spam
1%
Spam
1%
Spam
1%
Spam
1%
Spam
1%
Spam
1%
Spam
1%
Spam
1%
Spam
1%
Spam
1%
Spam
1%
Spam
1%
Spam
1%
Spam
1%
Spam
1%
Spam
1%
Spam
1%
Spam
1%
Spam
1%
Spam
1%
Spam
1%
Spam
1%
Spam
1%
Spam
1%
Spam
1%
Spam
1%
Spam
1%
Spam
1%
Spam
1%
Spam
1%
Spam
1%
Spam
1%
Spam
1%
Spam
1%
Spam
1%
Spam
1%
Spam
1%
Spam
1%
Spam
1%
Spam
1%
Spam
1%
Spam
1%
Spam
1%
Spam
1%
Spam
1%
Spam
1%
Spam
1%
Spam
1%
Spam
1%
Spam
1%
Spam
1%
Spam
1%
Spam
1%
Spam
1%
Spam
1%
Spam
1%
Spam
1%
Spam
1%
Spam
1%
Spam
1%
Spam
1%
Spam
1%
Spam
1%
Spam
1%
Spam
1%
Spam
1%
Spam
1%
Spam
1%
Spam
1%
Spam
1%
Spam
1%
Spam
1%
Spam
1%
Spam
1%
Spam
1%
Spam
1%
Spam
1%
Spam
1%
Spam
1%
Spam
1%
Spam
1%
Spam
1%
Spam
1%
Spam
1%
Spam
1%
Spam
1%
Spam
1%
Spam
1%
Spam
1%
Spam
1%
Spam
1%
Spam
1%
Spam
1%
Spam
1%
Spam
1%
Spam
1%
Spam
1%
Spam
1%
Spam
1%
Spam
1%
Spam
1%
Spam
1%
Spam
1%
Spam
1%
Spam
1%
Spam
1%
Spam
1%
Spam
1%
Spam
1%
Spam
1%
Spam
1%
Spam
1%
Spam
1%
Spam
1%
Spam
1%
Spam
1%
Spam
1%
Spam
1%
Spam
1%
Spam
1%
Spam
1%
Spam
1%
Spam
1%
Spam
1%
Spam
1%
Spam
1%
Spam
1%
Spam
1%
Spam
1%
Spam
1%
Spam
1%
Spam
1%
Spam
1%
Spam
1%
Spam
1%
Spam
1%
Spam
1%
Spam
1%
Spam
1%
Spam
1%
Spam
1%
Spam
1%
Spam
1%
Spam
1%
Spam
1%
Spam
1%
Spam
1%
Spam
1%
Spam
1%
Spam
1%
Spam
1%
Spam
1%
Spam
1%
Spam
1%
Spam
1%
Spam
1%
Spam
1%
Spam
1%
Spam
1%
Spam
1%
Spam
1%
Spam
1%
Spam
1%
Spam
1%
Spam
1%
Spam
1%
Spam
1%
Spam
1%
Spam
1%
Spam
1%
Spam
1%
Spam
1%
Spam
1%
Spam
1%
Spam
1%
Spam
1%
Spam
1%
Spam
1%
Spam
1%
Spam
1%
Spam
1%
Spam
1%
Spam
1%
Spam
1%
Spam
1%
Spam
1%
Spam
1%
Spam
1%
Spam
1%
Spam
1%
Spam
1%
Spam
1%
Spam
1%
Spam
1%
Spam
1%
Spam
1%
Spam
1%
Spam
1%
Spam
1%
Spam
1%
Spam
1%
Spam
1%
Spam
1%
Spam
1%
Spam
1%
Spam
1%
Spam
1%
Spam
1%
Spam
1%
Spam
1%
Spam
1%
Spam
1%
Spam
1%
Spam
1%
Spam
1%
Spam
1%
Spam
1%
Spam
1%
Spam
1%
Spam
1%
Spam
1%
Spam
1%
Spam
1%
Spam
1%
Spam
1%
Spam
1%
Spam
1%
Spam
1%
Spam
1%
Spam
1%
Spam
1%
Spam
1%
Spam
1%
Spam
1%
Spam
1%
Spam
1%
Spam
1%
Spam
1%
Spam
1%
Spam
1%
Spam
1%
Spam
1%
Spam
1%
Spam
1%
Spam
1%
Spam
1%
Spam
1%
Spam
1%
Spam
1%
Spam
1%
Spam
1%
Spam
1%
Spam
1%
Spam
1%
Spam
1%
Spam
1%
Spam
1%
Spam
1%
Spam
1%
Spam
1%
Spam
1%
Spam
1%
Spam
1%
Spam
1%
Spam
1%
Spam
1%
Spam
1%
Spam
1%
Spam
1%
Spam
1%
Spam
1%
Spam
1%
Spam
1%
Spam
1%
Spam
1%
Spam
1%
Spam
1%
Spam
1%
Spam
1%
Spam
1%
Spam
1%
Spam
1%
Spam
1%
Spam
1%
Spam
1%
Spam
1%
Spam
1%
Spam
1%
Spam
1%
Spam
1%
Spam
1%
Spam
1%
Spam
1%
Spam
1%
Spam
1%
Spam
1%
Spam
1%
Spam
1%
Spam
1%
Spam
1%
Spam
1%
Spam
1%
Spam
1%
Spam
1%
Spam
1%
Spam
1%
Spam
1%
Spam
1%
Spam
1%
Spam
1%
Spam
1%
Spam
1%
Spam
1%
Spam
1%
Spam
1%
No matching quizzes found
Score Distribution
Percent of People with Each Score
Percentile by Number Answered
Your Score History
You have not taken this quiz